000 00942nam a22002297a 4500
005 20250903143830.0
010 _aB-768991-9008 ENG-146688 BACEN25
020 _a9789392594342
_c1050.00
035 _aB-768991-9008
035 _aEN-130220
037 _bAakar
037 _bDBAD
_aDPL
082 _a025.4
100 _aP.Balasubramanian
_984619
245 _aA Textbook of Library Classification and Cataloguing/
_cBy P. Balasubramanian and S. Bindhu
260 _aNew Delhi
_bEss Ess Publications
_c2022
270 _a4831/24, Ansari Road, Darya Ganj
_bNew Delhi
_e110002
_minfo@essessreference.com
_k23260807, 41563444
300 _a270p.
_c22cm(pbk)
700 _aS. Bindhu
_978359
942 _cEN
_h025.4
_mPBA
_2ddc
999 _c208709
_d208709